=LDR 00000nam 2200000 4500 =001 INLIS000000000013518 =005 20130612104910 =008 ***********************************Ind** =035 ##$$0010-061300000013518 =041 ##$$a Ind =082 ##$$a 370.1 =090 ##$$a 370.1, Sad p =100 ##$$a Sadulloh, Uyoh =245 ##$$a Pengantar Filsafat Pendidikan, Drs. Uyoh Sadulloh,M.Pd =260 ##$$a 2003 $b Bandung =300 ##$$a 183 hlm, 23 cm =650 ##$$a Pendidikan - Filsafat =850 ##$$a NBPNMAT